<?xml version="1.0" encoding="UTF-8"?>
<collection xmlns="http://www.loc.gov/MARC21/slim">
 <record>
  <leader>00706pamaa2200205   4500</leader>
  <controlfield tag="001">0000020286</controlfield>
  <controlfield tag="005">20131001090000.0</controlfield>
  <datafield tag="020" ind1="0" ind2="0">
   <subfield code="a">015505791X </subfield>
  </datafield>
  <datafield tag="082" ind1=" " ind2=" ">
   <subfield code="a">158.2  ADL 1999</subfield>
  </datafield>
  <datafield tag="090" ind1="0" ind2="0">
   <subfield code="a">BF637.C45 </subfield>
   <subfield code="b">ADL 1999</subfield>
  </datafield>
  <datafield tag="100" ind1="1" ind2="0">
   <subfield code="a">Adler </subfield>
  </datafield>
  <datafield tag="240" ind1="0" ind2="0">
   <subfield code="a">Looking out looking in</subfield>
  </datafield>
  <datafield tag="245" ind1="1" ind2="0">
   <subfield code="a">Looking out/looking in : </subfield>
   <subfield code="b">instructor's manual and test bank  </subfield>
   <subfield code="c">Ronald B. Adler and Neil Towne ; prepared by Mary O. Wiemann.</subfield>
  </datafield>
  <datafield tag="250" ind1="0" ind2="0">
   <subfield code="a">9th ed.</subfield>
  </datafield>
  <datafield tag="260" ind1="0" ind2="0">
   <subfield code="a">Fort Worth: </subfield>
   <subfield code="b">Harcourt Brace College Publishers, </subfield>
   <subfield code="c">1999.</subfield>
  </datafield>
  <datafield tag="300" ind1=" " ind2=" ">
   <subfield code="a">xx, 271p.; </subfield>
   <subfield code="c">26cm.</subfield>
  </datafield>
  <datafield tag="650" ind1="0" ind2="0">
   <subfield code="a">Interpersonal communicationn </subfield>
  </datafield>
  <datafield tag="700" ind1="1" ind2="1">
   <subfield code="a">Wiemann, </subfield>
   <subfield code="h">Mary O. </subfield>
  </datafield>
  <datafield tag="700" ind1="1" ind2="1">
   <subfield code="a">Towne, </subfield>
   <subfield code="h">Neil </subfield>
  </datafield>
  <datafield tag="740" ind1="0" ind2="0">
   <subfield code="a">Instructor's manual/test bank to accompamy looking out/looking in</subfield>
  </datafield>
 </record>
</collection>
